000 00992nam a22002537a 4500
999 _c13171
_d13171
003 AR-CdUCM
008 190411b ||||| |||| 00| 0 spa d
040 _aMUNICIPALIDAD PROVINCIAL DEL CUSCO
_cBIBLIOTECA MUNICIPAL DEL CUSCO
082 _aC / 985.61 /
_bR87
100 _aRowe, John Howland
_923728
245 _aAn introduction to the archaeology of Cuzco :
_bexpeditions to southern Peru /
260 _aCambridge, Massachusetts :
_bThe Museum,
_c1944.
300 _a90 paginas ;
_bIlustraciones,
_c26 cm.
500 _aTexto en Ingles
505 _aContenido : Geography of the Cuzco región -- Chanapata period -- Inca period -- The temple of the sun -- Canchon...
650 _aInca period
_931398
650 _aPeriodo inca
_931399
650 _aChanapata
_931400
650 _aExcavations
_931401
650 _aExcavaciones
_917079
710 _aPeabody Museum, Harvard University,and Ethnology, Harvard University
_931402
942 _2ddc
_cLIBROS
945 _awnts
_d2019-04-11